000 00581nam a22002177a 4500
005 20170124110053.0
010 _aA-317655
020 _c23.00
035 _aA-317655
037 _bCen Lib/Ret
040 _aDPL
_bEN
082 _a635
_bCHO
100 _aChoudhury, B
_925797
245 _aVegitables /
_cby B Choudhury
260 _aNew Delhi
_bNational Book Trust
_c1976
270 _aA-5 Green Park
_bNew Delhi
_e110016
300 _axii,195p.
_c20cm(Hb)
500 _aIncludes index
650 _aVegitables
_925798
942 _2ddc
_cEN
_h635
_mCHO
999 _c129234
_d129234